000 02832nam a22002177a 4500
003 GR-AtMCL
005 20260127124150.0
006 a|||||r|||||||||||
008 s2020||||gr g ||| gre d
020 _a9789600367218
040 _bgre
_aGR-AtMCL
_dGR-AtMCL
_eAACR2
041 1 _hkor
100 _aKang, Han
_910298
245 0 2 _aΗ χορτοφάγος /
_cΧαν Γκανγκ ; μετάφραση από τα κορεάτικα Αμαλία Τζιώτη
260 _aΑθήνα :
_bΕκδόσεις Καστανιώτη,
_c2020
300 _a192 σ. ;
_c21 εκ.
520 _aΗ Γιόνγκ Χιε και ο σύζυγός της είναι δύο άνθρωποι του μέσου όρου. Εκείνος πηγαινοέρχεται δουλοπρεπώς στο γραφείο του, δεν διακατέχεται από καμία φιλοδοξία. Εκείνη δεν τη χαρακτηρίζει κανένα πάθος, είναι απλώς μια αφοσιωμένη νοικοκυρά. Η μονοτονία του γάμου τους ανατρέπεται όταν η ΓιόνγκΧιε αποφασίζει μια μέρα να μην ξαναφάει κρέας. Δεν δίνει εξηγήσεις. "Είδα ένα όνειρο", αυτό λέει μονάχα. Πρόκειται για μια μικρή ένδειξη ανεξαρτησίας, η οποία όμως μπορεί να θεωρηθεί ακραία και να αποδειχθεί ιδιαίτερα επικίνδυνη σε μια χώρα όπως η Νότια Κορέα. Και δεν φτάνει αυτό. Η παθητική αντίσταση της ΓιόνγκΧιε, μια διαδικασία ιδιότυπης μεταμόρφωσης, ξεπερνά κάθε όριο γκροτέσκου. Ποτέ δεν φορούσε με ευχαρίστηση σουτιέν, αλλά τώρα αρχίζει να το κάνει και δημοσίως. Επιπλέον, ονειρεύεται να ζήσει σαν φυτό. Σύσσωμη η οικογένεια θα στραφεί τελικά εναντίον της. Η βραβευμένη Χορτοφάγος είναι μια ιστορία καφκικής σύλληψης που αναπτύσσεται σε τρεις πράξεις. Ένα μυθιστόρημα σαγηνευτικό και αλλόκοτο, βίαιο και αισθησιακό, με το οποίο η ΧανΓκανγκ, από τις δημοφιλέστερες λογοτεχνικές φωνές της Άπω Ανατολής, διερευνά την επιθυμία και την ντροπή, την καταπίεση και την εξουσία.
650 0 _aΚορεατική λογοτεχνία
_910297
942 _cBK
999 _c10083
_d10083